| 000 | 00912cam a2200313 4500500 | ||
|---|---|---|---|
| 005 | 20260405003030.0 | ||
| 041 | _afre | ||
| 042 | _adc | ||
| 100 | 1 | 0 |
_aSorente, Isabelle _eauthor |
| 245 | 0 | 0 | _aAvons-nous besoin d’admirer ? |
| 260 | _c2020. | ||
| 500 | _a61 | ||
| 690 | _aAdmiration | ||
| 690 | _aChloé Delaume | ||
| 690 | _aÉtienne de La Boétie | ||
| 690 | _afascination | ||
| 690 | _aGeorge Orwell | ||
| 690 | _aHélène Gaudy | ||
| 690 | _aHouria Bentouhami | ||
| 690 | _aLaurence Devillairs | ||
| 690 | _aMarc Aurèle | ||
| 690 | _aOllivier Pourriol | ||
| 690 | _aPacôme Thiellement | ||
| 690 | _aPierre Bourdieu | ||
| 690 | _aSylvain Tesson | ||
| 690 | _aThomas Carlyle | ||
| 786 | 0 | _nPhilosophie magazine | 137 | 3 | 2020-03-01 | p. 22-22 | 1951-1787 | |
| 856 | 4 | 1 | _uhttps://shs.cairn.info/magazine-philosophie-magazine-2020-3-page-22?lang=fr&redirect-ssocas=7080 |
| 999 |
_c2063727 _d2063727 |
||